1389 1978 1691 1503 1885 1048 1351 1821 1041 1891 1083 1856 1736 1052 1886 1280 1139 1851 1414 1885 1800 1911 1271 1944 1881 1558 1551 1292 1600 1251 1447 1760 1789 1417 1964 1501 1235 1915 1143 1820 1692 1989 1791 1529 1626 1877 1312 1661 1246 1303 1380 1974 1215 1122 1747 1382 1319 1681 1653 1500 1992 1352 1012 1404 1090 1469 1512 1085 1330 1085 1149 1515 1839 1579 1407 1770 1455 1703 1133 1728 1815 1694 1639 1053 1987 1046 1607 1606 1759 1937 1263 1565 1827 1186 1375 1183 1110 1516 1656 BCNSPRNW ULIB Ver.6.0+V

เปลี่ยนเป็นภาษาไทย

Change to English
 แสดงรายละเอียดบรรณานุกรม
  กลับหน้าหลัก

Brief Record : Get Marc (ISO 2709) : E-mail record : QR code < ปิดหน้าต่าง
LEADER : 00000nam 2200000uu 4500
001    13399128157
003     ULIB
008    220727s2564||||th 000 0 tha d
020    ^a9786167727318
050    ^aนว^bก633ร
100 0  ^aกิ่งฉัตร
245 10 ^aรางปรารถนา /^cกิ่งฉัตร
250    ^aพิมพ์ครั้งที่ 1
260    ^aกรุงเทพฯ :^bลูกองุ่น,^c2564
300    ^a424 หน้า ;^c21 ซม.
650  0 ^aThai fiction
650  4 ^aนวนิยายไทย
945    ^p330^l0^i009251
999    ^aประนอม เกษจรัล
รายการนี้ยังไม่มีแท็ก
คุณยังไม่ได้ล็อกอิน คุณสามารถมีกิจกรรมร่วมกับเว็บไซต์ได้ แต่ต้องล็อกอินก่อน ::
  ล็อกอิน

รายการสื่อสารสนเทศ

ลำดับที่ ประเภท เลขเรียก/บาร์โค้ด สถานที่ สถานะ
1. นวนิยาย
นวนิยาย
นว ก633ร ฉ.1 
  Barcode: 009251
ห้องสมุดวิทยาเขตสวรรค์ประชารักษ์
►นวนิยาย
บนชั้น
  ขอยืม

รายการใกล้เคียง
    ผู้แต่ง [กิ่งฉัตร]

    หัวเรื่อง [Thai fiction]
    หัวเรื่อง [นวนิยายไทย]

BibComment


ยังไม่เคยถูกคอมเมนท์

คอมเมนท์ทรัพยากรรายการนี้
  คอมเมนท์: รางปรารถนา กิ่ง..


 Copyright 2026. Bcnsprnw @Library